International capitalism and industrial restructuring : a critical analysis /

Bibliographic Details
Other Authors: Peet, Richard
Format: Book
Language:English
Published: Boston : Allen & Unwin, 1987.
Subjects:

MARC

Tag First Indicator Second Indicator Subfields
LEADER 00000cam a22000008a 4500
001 in00000026058
005 20151007055806.0
008 861121s1987 maua b 00110 eng
010 |a  86028870  
020 |a 0043381324 (alk. paper) 
020 |a 0043381332 (pbk. : alk. paper) 
035 |a (OCoLC)14931447 
035 |9 AAB9272AM 
040 |a DLC  |c DLC  |d TXA  |d UtOrBLW 
049 |a TXAM  |c [A11650548] 
050 0 0 |a HD2321  |b .I58 1987 
082 0 |a 338.7  |2 19 
245 0 0 |a International capitalism and industrial restructuring :  |b a critical analysis /  |c edited by Richard Peet. 
263 |a 8710 
264 1 |a Boston :  |b Allen & Unwin,  |c 1987. 
300 |a xvi, 315 pages :  |b illustrations 
336 |a text  |b txt  |2 rdacontent 
337 |a unmediated  |b n  |2 rdamedia 
338 |a volume  |b nc  |2 rdacarrier 
504 |a Includes bibliographies and index. 
650 0 |a Industries  |x History. 
650 0 |a Industrial organization. 
650 0 |a Economic history  |y 1971-1990. 
650 0 |a Industrial policy. 
650 0 |a Marxian economics. 
650 0 |a Capitalism. 
700 1 |a Peet, Richard. 
740 0 |a Industrial restructuring. 
999 |a MARS 
999 f f |s ec30d3d9-6896-3d4f-9c28-44a605c5e9f2  |i e001cf7e-525f-32d0-84be-190c064231eb  |t 0 
952 f f |p ric  |a Texas A&M University  |b Rellis Campus  |c Joint Library Facility  |d Remote Storage  |t 0  |e HD2321 .I58 1987  |h Library of Congress classification  |i unmediated -- volume  |m A14811650548 
998 f f |a HD2321 .I58 1987  |t 0  |l Remote Storage